| 000 | 00583nam a2200157 a 4500 | ||
|---|---|---|---|
| 008 | 120416s1973 ||||||||||||||||| || u | ||
| 050 | _aHD 110 Fut | ||
| 100 | _aCowan, Peter | ||
| 245 | 1 | 4 |
_aThe future of planning _cedited by Peter Cowan |
| 246 | _aa study sponsored by the Centre for Environmental Studies | ||
| 260 |
_aLondon _bHeienemann _c1973 |
||
| 350 | _a0.00 | ||
| 650 | _aLAND USE--PLANNING | ||
| 650 | _aPLANNING | ||
| 995 |
_D0.00 _FCBU-MAIN LIBRARY (Kitwe) _H1 _I6.95 _M1 _UAVAILABLE _ZMain Library Open Access Collection |
||
| 999 |
_c44262 _d44262 |
||